MARC details
| 000 -LEADER |
| fixed length control field |
02014cam a2200445 4500 |
| 008 - FIXED-LENGTH DATA ELEMENTS--GENERAL INFORMATION |
| fixed length control field |
040510n2004 000 0 eng u |
| 020 ## - INTERNATIONAL STANDARD BOOK NUMBER |
| International Standard Book Number |
0117539112 |
| 035 ## - SYSTEM CONTROL NUMBER |
| System control number |
(Sirsi) u126150 |
| 041 ## - LANGUAGE CODE |
| Language code of text/sound track or separate title |
eng |
| 050 ## - LIBRARY OF CONGRESS CALL NUMBER |
| Classification number |
692.21 |
| -- |
18 |
| 110 ## - MAIN ENTRY--CORPORATE NAME |
| Corporate name or jurisdiction name as entry element |
United Kingdom |
| Subordinate unit |
Office of the Deputy Prime Minister |
| 245 #4 - TITLE STATEMENT |
| Title |
The Building Regulations 2000 |
| Remainder of title |
fire safety. Approved Document B - 2000 edition consolidated with 2000 and 2002 amendments |
| 250 ## - EDITION STATEMENT |
| Edition statement |
Rev ed. |
| 260 ## - PUBLICATION, DISTRIBUTION, ETC. |
| Place of publication, distribution, etc. |
Norwich |
| Name of publisher, distributor, etc. |
TSO |
| Date of publication, distribution, etc. |
2004 |
| 300 ## - PHYSICAL DESCRIPTION |
| Extent |
155p. |
| Dimensions |
30cm. |
| 350 ## - PRICE (NR) (BK AM CF MU VM SE) [OBSOLETE] |
| Price |
13 |
| 505 ## - FORMATTED CONTENTS NOTE |
| Formatted contents note |
B1: means of warning and escape |
| 505 ## - FORMATTED CONTENTS NOTE |
| Formatted contents note |
B2: internal fire spread (linings) |
| 505 ## - FORMATTED CONTENTS NOTE |
| Formatted contents note |
B3: internal fire spread (structure) |
| 505 ## - FORMATTED CONTENTS NOTE |
| Formatted contents note |
B4: external fire spread |
| 505 ## - FORMATTED CONTENTS NOTE |
| Formatted contents note |
B5: access and facilities for the fire service |
| 505 ## - FORMATTED CONTENTS NOTE |
| Formatted contents note |
Appendix A: performance of materials and structures |
| 505 ## - FORMATTED CONTENTS NOTE |
| Formatted contents note |
Appendix B: fire doors |
| 505 ## - FORMATTED CONTENTS NOTE |
| Formatted contents note |
Appendix C: methods of measurement |
| 505 ## - FORMATTED CONTENTS NOTE |
| Formatted contents note |
Appendix D: purpose groups |
| 505 ## - FORMATTED CONTENTS NOTE |
| Formatted contents note |
Appendix E: definitions |
| 505 ## - FORMATTED CONTENTS NOTE |
| Formatted contents note |
Appendix F: fire behaviour of insulating core panels used for internal structures |
| 505 ## - FORMATTED CONTENTS NOTE |
| Formatted contents note |
Appendix G: standards referred to |
| 520 ## - SUMMARY, ETC. |
| Summary, etc. |
This document provides a consolidation of the guidance previously issued in the original 2000 edition of Approved Document B and the subsequent amendments issued in 2000 and 2002. View at www.odpm.gov.uk. |
| 520 ## - SUMMARY, ETC. |
| Summary, etc. |
Supersedes 1992 edition (ISBN 0117523135). |
| 650 ## - SUBJECT ADDED ENTRY--TOPICAL TERM |
| Topical term or geographic name entry element |
BUILDING REGULATIONS 2000 APPROVED DOCUMENT B (2002 EDITION) |
| 650 ## - SUBJECT ADDED ENTRY--TOPICAL TERM |
| Topical term or geographic name entry element |
MANAGEMENT-HEALTH AND SAFETY-FIRE SAFETY |
| 650 ## - SUBJECT ADDED ENTRY--TOPICAL TERM |
| Topical term or geographic name entry element |
FIRE SPREAD |
| 650 ## - SUBJECT ADDED ENTRY--TOPICAL TERM |
| Topical term or geographic name entry element |
MEANS OF ESCAPE |
| 650 ## - SUBJECT ADDED ENTRY--TOPICAL TERM |
| Topical term or geographic name entry element |
FIRE PRECAUTIONS |
| 690 ## - LOCAL SUBJECT ADDED ENTRY--TOPICAL TERM (OCLC, RLIN) |
| Topical term or geographic name as entry element |
BUILT ENVIRONMENT-BUILDING STANDARDS |
| 856 ## - ELECTRONIC LOCATION AND ACCESS |
| Uniform Resource Identifier |
<a href="https://webarchive.nationalarchives.gov.uk/+/communities.gov.uk/pub/521/approveddocumentbfiresafety2000editionconsolidatedwith2000and2002_id1161521.pdf">https://webarchive.nationalarchives.gov.uk/+/communities.gov.uk/pub/521/approveddocumentbfiresafety2000editionconsolidatedwith2000and2002_id1161521.pdf</a> |
| Public note |
View Approved Document B on the webarchive.nationalarchives.gov.uk website. |
| 942 ## - ADDED ENTRY ELEMENTS (KOHA) |
| Suppress in OPAC |
0 |